| 000 | 00942nam a2200217Ia 4500 | ||
|---|---|---|---|
| 003 | OSt | ||
| 005 | 20211117160823.0 | ||
| 008 | 210310s2010 sp fr 000 0 spa d | ||
| 040 |
_aCO-JMCR _cCO-JMCR |
||
| 041 | 0 | _aspa | |
| 082 | 0 | 4 |
_a338.92 / _bB213f _223 |
| 110 | 2 |
_aBanco Mundial _95980 |
|
| 245 | 1 | 3 |
_aLa formulación de políticas en la OCDE : _bideas para América Latina / _cBanco Mundial |
| 260 |
_a[Madrid] : _bBanco Mundial, _c2010 |
||
| 300 |
_aviii, 80 páginas ; _c28 cm. |
||
| 500 | _aIncluye notas a pie de página. Report N°5927-LAC | ||
| 504 | _aBibliografía: páginas 77-80 | ||
| 505 | 0 | _aUn marco para describir el proceso de las políticas públicas -- El proceso de las políticas públicas en la OCDE: características y desafíos -- Algunas consideraciones para institucionalizar el proceso de las políticas públicas en América | |
| 650 | 1 | 4 |
_aPolíticas públicas _918359 _zAmérica Latina |
| 942 |
_2ddc _cBK |
||
| 999 |
_c8814 _d8814 |
||